LDR 00961naa#a2200193#i#450# 001 RU\\bibl\123925 005 20260630213606.2 011 ## _a2500-4379 100 ## _a20260526b2026####ek#y0rusy0150####ca 101 0# _aRUS 102 ## _aRU 200 1# _aПротокол премедикации препаратом Веткоксиб® при нейрохирургических вмешательствах у мелких домашних животных: результаты проспективного контролируемого исследования _eЖурнальная статья 210 1# _aМосква _cООО Издательство «Логос Пресс» _d2026 215 ## _a4 с. 608 ## _aЖурнальная статья _2local 686 ## _aВетеринария. 68.41 _2grnti 700 #1 _aКозлов _gНиколай Андреевич 700 #1 _aМаслова _gКсения Михайловна 856 4# _alogospress.editorum.ru _u